000 00590nam a2200217Ia 4500
003 OSt
005 20250417095948.0
008 220927b |||||||| |||| 00| 0 hin d
020 _a9789383513321
037 _cTextual
040 _aSDCL
_cSDCL
_bhin
041 _2hin
_ahin
084 _aO152,3N69x Q4
100 _aMalik, Kusumlata
_9392504
245 0 _aKahi-ankahi :
_bKahani-sangrah
260 _aNew Delhi :
_bSwaraj Prakshan,
_c2014.
300 _a100p
650 _aHindi
_9391598
942 _cTEXL
_2CC
_n0
999 _c739260
_d739260